Dynamická analýza prefabrikovanej panelovej nosnej konštrukcie a zisťovanie tuhosti vybraných spojov panelov
Enregistré dans:
| Auteur principal: | |
|---|---|
| Autres auteurs: | |
| Format: | Manuscrit Livre |
| Langue: | slovaque |
| Publié: |
2024
|
| Sujets: | |
| Accès en ligne: | http://is.stuba.sk/zp/portal_zp.pl?podrobnosti=176055 https://opac.crzp.sk/?fn=detailBiblioForm&sid=AA0D9432EF6DE826C919174F11D3 |
| Tags: |
Pas de tags, Soyez le premier à ajouter un tag!
|
MARC
| LEADER | 00000ntm a22000003a 4500 | ||
|---|---|---|---|
| 001 | stuzp99089 | ||
| 003 | SK-STU | ||
| 005 | 20240924135352.7 | ||
| 007 | ta | ||
| 008 | 150427s2015----xo-----f-mn---000-0-slo-d | ||
| 040 | |a STU |b slo | ||
| 041 | 0 | |a slo | |
| 100 | 1 | |a Kozmon, Jakub |u 010110 |4 aut |U SvF Stavebná fakulta |T SvF Katedra betónových konštrukcií a mostov |X 105621 |U V110 |Y 11 |7 105621 | |
| 242 | 0 | 1 | |a Dynamic Analysis of Prefabricated Panel Bearing Structures and Calculation of Stiffness for Selected Connections of Panels |y eng |
| 245 | 1 | 0 | |a Dynamická analýza prefabrikovanej panelovej nosnej konštrukcie a zisťovanie tuhosti vybraných spojov panelov |
| 260 | |c 2024 | ||
| 650 | 4 | |a Panelový bytový dom |2 slo | |
| 650 | 4 | |a Tuhosť zvislých stykov stien |2 slo | |
| 650 | 4 | |a Vplyv tuhosti stykov na konštrukciu |2 slo | |
| 650 | 4 | |a modálna analýza stenového panela |2 slo | |
| 650 | 4 | |a large panel buildings |2 eng | |
| 650 | 4 | |a stiffness of wall panel connections |2 eng | |
| 650 | 4 | |a influnce of connection stiffness |2 eng | |
| 650 | 4 | |a modal analysis of wall panel |2 eng | |
| 700 | 1 | |a Laco, Kamil |u 010110 |k Z8 |4 ths |U SvF Stavebná fakulta |T SvF Katedra betónových konštrukcií a mostov |X 58690 |U V110 |Y 11 |7 A000058690 | |
| 856 | 4 | |u http://is.stuba.sk/zp/portal_zp.pl?podrobnosti=176055 | |
| 856 | 4 | |u https://opac.crzp.sk/?fn=detailBiblioForm&sid=AA0D9432EF6DE826C919174F11D3 | |